| 000 | 00695nam a2200217 i 4500 | ||
|---|---|---|---|
| 001 | 41452 | ||
| 003 | ES-MaACL | ||
| 005 | 20240425135208.0 | ||
| 007 | t| | ||
| 008 | 030310s1986 sp ||||1| spa d | ||
| 020 | _a84-336-0266-7 | ||
| 100 | 1 |
_aCasaldáliga, Pedro. _936062 |
|
| 245 | 1 | 0 |
_aNicaragua _b: combate y profecía / _cPedro Casaldáliga ; prólogo de Mario Benedetti ; epílogo de Leonardo Boff. |
| 260 |
_aMadrid : _bAyuso, _c[1986] |
||
| 300 |
_a189 p. : _bil. ; _c20 cm. |
||
| 700 | 1 |
_aBenedetti, Mario, _d1920-2009 _927492 |
|
| 700 | 1 |
_aBoff, Leonardo. _929769 |
|
| 852 |
_aES-MaACL _jL-11534 _bR.112699 |
||
| 852 |
_aES-MaACL _jL-11533 _bR.112698 |
||
| 999 |
_c41452 _d41452 |
||